000 00681cam a2200229 a 4500
001 000005897
005 20200929151830.0
008 780814s1969 ve 000 0 spa d
035 _a(DLC) 78357038
040 _aDO-SdBNP
_cDLC
_dDLC
_dBNPHU
082 _a928.87
_bR696ó
100 1 _aRodríguez Monegal, Emir,
_d1921-1985.
_916626
245 1 3 _aEl otro Andrés Bello /
_cEmir Rodríguez Monegal.
260 _aCaracas :
_bMonte Ávila,
_c[1969].
300 _a472 p. ;
_c20 cm.
490 1 _aPrisma
600 1 4 _aBELLO, ANDRES,
_d1781-1865.
_916627
650 4 _aAutores venezolanos
_916628
830 0 _aPrisma.
_93770
910 _aCatalogación por copia/LC
049 _aBNGR
999 _c5693
_d5693